[Event "OP-2012-0-02351"]
[Site "LSS email"]
[Date "2012.08.12"]
[Round "?"]
[White "Briceno Ochoa, Jose Antonio"]
[Black "Pytel Krol, Zofia"]
[Result "0-1"]
[WhiteElo "993"]
[BlackElo "800"]
[PlyCount "46"]
[EventDate "2012.08.09"]
[EventType "tourn (corr)"]
[EventRounds "4"]
[EventCountry "GER"]
[SourceTitle "Telechess CBM 159"]
[Source "ChessBase"]
[SourceDate "2014.03.17"]
[SourceVersion "1"]
[SourceVersionDate "2014.03.17"]
[SourceQuality "1"]

1. Nf3 Nc6 2. c3 e5 3. d3 Nf6 4. Bg5 d5 5. g3 h6 6. Bxf6 Qxf6 7. Bg2 Be6 8. Nbd2 0-0-0 9. 0-0 e4 10. Ne1 Qg5 11. d4 h5 12. f4 Qg6 13. e3 h4 14. f5 Bxf5 15. c4 hxg3 16. cxd5 Rxd5 17. Rxf5 gxh2+ 18. Kh1 Rxf5 19. Qe2 Rg5 20. Rc1 Bb4 21. Nc2 Bxd2 22. Qxd2 Ne7 23. Nb4 Nf5 0-1